=LDR 00000nam 2200000 4500 =001 INLIS000000000038191 =005 20130612143854 =008 ***********************************ind** =035 ##$$0010-061300000038191 =041 ##$$a ind =082 ##$$a 813 =100 ##$$a yusuf A.N =245 ##$$a Jehenna:rahasia sebuah kekuatan impian =260 ##$$a buku kita $b jakarta =300 ##$$a 366 hlm =850 ##$$a NBPNMAT